LDR 00814naa#a2200181#i#450# 001 EN\\bibl\19913 005 20260701120141.3 100 ## _a20260630b2026####ek#y0engy0150####ca 102 ## _aRU 200 1# _aMODELING THE RESILIENCE OF DISTRIBUTED INFORMATION SYSTEMS UNDER PARTIAL NODE LOSS _eConference article/thesis 210 1# _aVoronezh _cFSBE Institution of Higher Education Voronezh State University of Forestry and Technologies named after G.F. Morozov _d2026 215 ## _a7 с. 608 ## _aConference article/thesis _2local 675 ## _aИнформационные технологии. Компьютерные технологии. Теория вычислительных машин и систем. 004 _z 700 #1 _aAlekseev _gV. R. 700 #1 _aGetmantsev _gD. D. 700 #1 _aKarlov _gS. E. 856 4# _abibl.vgltu.ru _u